Biblioteca y Centro de Documentación

Contribución al estudio de la higiene de los trabajadores y enfermedades de los jornaleros (Registro nro. 24312)

Detalles MARC
000 -CABECERA
Longitud fija campo de control 01591nam a2200409 c 4500
001 - NÚMERO DE CONTROL
Número de control 24312
003 - IDENTIFICADOR DE NÚMERO DE CONTROL
Identificador del número de control ES-MaCES
005 - FECHA Y HORA DE LA ÚLTIMA TRANSACCIÓN
Fecha y hora de la última transacción 20141221122911.0
008 - CAMPO FIJO DE DESCRIPCIÓN FIJA--INFORMACIÓN GENERAL
Códigos de información de longitud fija   120224s2011 sp a t 000 | spa d
017 ## - NÚMERO DE REGISTRO DE DERECHOS DE AUTOR Y DEPÓSITO LEGAL
Número de copyright o de depósito legal M 45253-2011
Agencia que asigna el número DL
020 ## - ISBN (INTERNATIONAL STANDARD BOOK NUMBER)
Número Internacional Normalizado para Libros (ISBN) 9788486716462
035 ## - NÚMERO DE CONTROL DEL SISTEMA
Número de control del sistema CES20120001641m
040 ## - FUENTE DE CATALOGACIÓN
Centro catalogador de origen ES-MaCES
Lengua de catalogación spa
Centro transcriptor ES-MaCES
100 1# - ENCABEZAMIENTO PRINCIPAL--NOMBRE PERSONAL
Nombre de persona Rodríguez y Rodríguez, Ambrosio
9 (RLIN) 22464
245 10 - MENCIÓN DE TÍTULO
Título Contribución al estudio de la higiene de los trabajadores y enfermedades de los jornaleros
Mención de responsabilidad, etc. Ambrosio Rodríguez y Rodríguez ; estudio preliminar de Gregorio Benito Batres
260 ## - PUBLICACIÓN, DISTRIBUCIÓN, ETC (PIE DE IMPRENTA)
Lugar de publicación, distribución, etc. Madrid
Nombre del editor, distribuidor, etc. Fundación Francisco Largo Caballero
Fecha de publicación, distribución, etc. [2011]
300 ## - DESCRIPCIÓN FÍSICA
Extensión XLVII, 442, 5 p.
Otras características físicas il. bl. y n. y col.
Dimensiones 21 cm
490 1# - MENCIÓN DE SERIE
Mención de serie Ediciones facsimilares
Designación de volumen o secuencia 5. Salud laboral
500 ## - NOTA GENERAL
Nota general Reproducción facsimilar de la edición de: Gijón : Tipolitografía La Industria, 1902
541 ## - NOTA DE LA FUENTE INMEDIANTE DE ADQUISICIÓN
Forma de adquisición Gratuito
650 #4 - ASIENTO SECUNDARIO DE MATERIA--TÉRMINO DE MATERIA
Término de materia o nombre geográfico como elemento inicial seguridad en el trabajo
9 (RLIN) 28348
650 #4 - ASIENTO SECUNDARIO DE MATERIA--TÉRMINO DE MATERIA
Término de materia o nombre geográfico como elemento inicial salud en el trabajo
9 (RLIN) 28347
650 #4 - ASIENTO SECUNDARIO DE MATERIA--TÉRMINO DE MATERIA
Término de materia o nombre geográfico como elemento inicial medicina del trabajo
9 (RLIN) 29360
650 #4 - ASIENTO SECUNDARIO DE MATERIA--TÉRMINO DE MATERIA
Término de materia o nombre geográfico como elemento inicial enfermedad profesional
9 (RLIN) 28346
650 #4 - ASIENTO SECUNDARIO DE MATERIA--TÉRMINO DE MATERIA
Término de materia o nombre geográfico como elemento inicial accidente de trabajo
9 (RLIN) 28345
650 #4 - ASIENTO SECUNDARIO DE MATERIA--TÉRMINO DE MATERIA
Término de materia o nombre geográfico como elemento inicial condiciones de trabajo
9 (RLIN) 28327
650 #4 - ASIENTO SECUNDARIO DE MATERIA--TÉRMINO DE MATERIA
Término de materia o nombre geográfico como elemento inicial España
9 (RLIN) 26964
650 #4 - ASIENTO SECUNDARIO DE MATERIA--TÉRMINO DE MATERIA
Término de materia o nombre geográfico como elemento inicial historia
9 (RLIN) 27251
653 10 - TÉRMINO DE INDEXACIÓN--NO CONTROLADO
Término no controlado Ciencias Sociales-Políticas
700 1# - ENCABEZAMIENTO SECUNDARIO--NOMBRE PERSONAL
Nombre de persona Benito Batres, Gregorio
Término indicativo de función col.
9 (RLIN) 7528
710 2# - ENCABEZAMIENTO SECUNDARIO--NOMBRE CORPORATIVO
Nombre de entidad o nombre de jurisdicción como elemento inicial Fundación Francisco Largo Caballero
Término indicativo de función ed.
9 (RLIN) 3826
830 #0 - ENCABEZAMIENTO SECUNDARIO DE COLECCIÓN--TÍTULO UNIFORME
Título uniforme Ediciones facsimilares
Designación de volumen o secuencia 5
9 (RLIN) 34535
830 #0 - ENCABEZAMIENTO SECUNDARIO DE COLECCIÓN--TÍTULO UNIFORME
Título uniforme Ediciones facsimilares
Nombre de parte o sección de la obra Salud laboral
9 (RLIN) 34639
902 ## - CES. TIPO DE DOCUMENTO
Tipodoc (006$c Sirtex) LIB Libro
942 ## - ELEMENTOS KOHA
Fuente de clasificaión o esquema Clasificación propia del CES
Koha [por defecto] tipo de item Monografías
Parte de clasificación 7.0.
Existencias
Número de registro Signatura completa Tipo de item de Koha
081027 SG-7.0.-116 Monografías
© CES, Consejo Económico y Social de España 2021